[Event "GER-ch 84th"]
[Site "Saarbruecken"]
[Date "2013.09.09"]
[Round "4"]
[White "Seyfried, Claus"]
[Black "Schwarz, Frank"]
[Result "0-1"]
[WhiteElo "2185"]
[BlackElo "2249"]
[EventDate "2013.09.06"]
[PlyCount "84"]

1. e4 e6 2. d4 d5 3. Nc3 Nf6 4. e5 Nfd7 5. Nce2 c5 6. c3 Nc6 7. Nf3 Qb6 8. a3 a5 9. Nf4 cxd4 10. cxd4 Be7 11. h4 a4 12. g3 Qa7 13. Be3 Nb6 14. Nd2 Bd7 15. Nh5 Rg8 16. Bd3 O-O-O 17. Bxh7 Rh8 18. Bd3 f6 19. Rc1 Kb8 20. Nf4 fxe5 21. Ng6 exd4 22. Bf4+ Ka8 23. Bc7 Bf6 24. Nxh8 Rxh8 25. Bxb6 Qxb6 26. Qxa4+ Kb8 27. Bb5 d3 28. O-O e5 29. Nb3 Be7 30. Bxd3 e4 31. Bb5 Rf8 32. Rce1 Rf3 33. Nd2 Rxg3+ 34. Kh2 Rh3+ 35. Kg2 Rxh4 36. Rh1 Rg4+ 37. Kf1 Rf4 38. Re2 Bh4 39. Rh2 g5 40. Nxe4 dxe4 41. Qc4 e3 42. Qg8+ Ka7 0-1